000
00283nam a2200121Ia 4500
008
190216s9999||||xx |||||||||||||| ||und||
100
_a
Ruth Prawer Jhabvala
245
0
_a
Like Birds Like Fishes
260
_b
Orient Paper Back
300
_a
224p
650
_a
Speeches
942
_c
BK
999
_c
12176
_d
12176